000 01603 a2200193 4500
003 Nust
005 20221103175858.0
020 _a070676607
040 _cNust
082 _a621.3192,WAG
245 _aSymmetrical components as applied to the analysis of unbalanced electrical circuits
_bwith an introduction by C.L. Fortescue; used as a text in the design course of the Westinghouse graduate school /
_cC.F. Wagner and R.D. Evans
250 _a1st ed
260 _aMcGraw-Hill
_bNew York, London
_c1933
300 _axvi, 437 p
_billus
_cdiagrs
_e24 cm
505 _aIntroduction (Page-1), Fundamental Principles (Page-9), Calculation of Unbalanced Faults (Page-26), Illustration of Unbalanced Fault Calculation (Page-52), Constants of Synchronous Machines (Page-74), Constants of Transformers (Page-111), Constants of Short Transmission Lines Without Ground Wires (Page-136), Constants of Short Transmission Lines With Ground Wires (Page-163), Constants of Long Transmission Lines (Page-182), Constants of Cables (Page-198), Power System Voltages and Currents Under Fault Condition (Page-222), Simultaneous Faults (Page-238), Determination of Sequence Quantities from Phase Quantities (Page-259), Measurement of Sequence Voltages and Currents (Page-271), Measurement of power Quantities on Polyphase Circuits (Page-306), Multiphase Systems (Page-328), Inducation Motors (Page-345), Unsymmetrical System and Phase- Balancers (Page-363).
600 _aWagner C.F.
_941803
650 _aSymmetrical components as applied to the analysis of unbalanced electrical circuits
_9102353
942 _2ddc
_cBK
999 _c180957
_d180957